000 00508nam a2200157Ia 4500
008 240126s9999 xx 000 0 und d
041 _aEnglish
082 _aPRMBA17-2174
100 _aPavan Kumar B S.
245 0 _aPerformance evaluation of equity diversified mutual funds schemes
_bRavi K R.
260 _bPES University
_aBangalore
440 _aNULL
650 _aFinancial management
650 _aPerformance,evaluation,equity,diversified,mutual,funds,schemes,Financial management
942 _cPR
999 _c283356
_d283356